Southville International School and Colleges
Your cart is empty.
  • Cart
  • Lists
    Public lists Eva Luna New books Lux_list list_1
    Your lists Log in to create your own lists
  • Log in to your account
  • Your cookies
  • Search history
Southville International School and Colleges
  • Advanced search
  • Recent comments
  • Most popular
  • Libraries

Log in to your account

Log in with GOOGLE


If you do not have an external account, but do have a local account, you can still log in:

  1. Home
  2. MARC view: Jimmy the Gymnast /
Normal view MARC view ISBD view

Jimmy the Gymnast / (Record no. 306012)

[ view plain ]
MARC details
000 -LEADER
fixed length control field 00604nam a2200241Ia 4500
008 - FIXED-LENGTH DATA ELEMENTS--GENERAL INFORMATION
fixed length control field 170203s9999 xx 000 0 und d
020 ## - INTERNATIONAL STANDARD BOOK NUMBER
International Standard Book Number 0-732962730
050 ## - LIBRARY OF CONGRESS CALL NUMBER
Classification number Fic
050 ## - LIBRARY OF CONGRESS CALL NUMBER
Item number .C689j 2000
100 ## - MAIN ENTRY--PERSONAL NAME
Personal name Cole, Sally
245 ## - TITLE STATEMENT
Title Jimmy the Gymnast /
245 ## - TITLE STATEMENT
Statement of responsibility, etc Sally Cole; Suzie Byrne
260 ## - PUBLICATION, DISTRIBUTION, ETC. (IMPRINT)
Place of publication, distribution, etc South Yarra :
260 ## - PUBLICATION, DISTRIBUTION, ETC. (IMPRINT)
Name of publisher, distributor, etc Macmillan Education Australia Pty Ltd
260 ## - PUBLICATION, DISTRIBUTION, ETC. (IMPRINT)
Date of publication, distribution, etc 2000
300 ## - PHYSICAL DESCRIPTION
Extent 16 pages ;
650 ## - SUBJECT ADDED ENTRY--TOPICAL TERM
Topical term or geographic name as entry element Gymnasts --
650 ## - SUBJECT ADDED ENTRY--TOPICAL TERM
Topical term or geographic name as entry element Gymnasts --
650 ## - SUBJECT ADDED ENTRY--TOPICAL TERM
Topical term or geographic name as entry element Rescues --
650 ## - SUBJECT ADDED ENTRY--TOPICAL TERM
General subdivision Fiction.
650 ## - SUBJECT ADDED ENTRY--TOPICAL TERM
General subdivision Juvenile fiction.
650 ## - SUBJECT ADDED ENTRY--TOPICAL TERM
General subdivision Juvenile fiction.
Holdings
Withdrawn status Lost status Damaged status Home library Current library Shelving location Date acquired Total Checkouts Full call number Barcode Date last seen Price effective from Koha item type
      Stonyhurst Southville International School (Batangas) Stonyhurst Southville International School (Batangas)   02/03/2017   Fic .C689j 2000 LS -0273 02/03/2017 02/03/2017 Books

Jimmy the Gymnast /

APA

Cole S., .Jimmy the Gymnast. South Yarra: .

Chicago

Cole Sally, .Jimmy the Gymnast. South Yarra: .

Harvard

Cole S., .Jimmy the Gymnast. South Yarra: .

MLA

Cole Sally, .South Yarra: . .

  • Place hold
  • Print
  • Cite
  • Add to your cart (remove)
  • Save record
    BIBTEX Dublin Core MARCXML MARC (non-Unicode/MARC-8) MARC (Unicode/UTF-8) MARC (Unicode/UTF-8, Standard) MODS (XML) RIS
  • More searches
    Search for this title in:
    Other Libraries (WorldCat) Other Databases (Google Scholar) Online Stores (Bookfinder.com) Open Library (openlibrary.org)

Exporting to Dublin Core...

SOUTHVILLE LIBRARY

Southville International School and Colleges Library

1281 Tropical Ave. Cor. Luxembourg St., BF Homes International, Las Pinas City

Tel. No. 8256374 / 252358 Loc. 117/146

Powered by Koha